[Event "WC-2015-T-00001"]
[Site "LSS email"]
[Date "2015.11.01"]
[Round "?"]
[White "Calugaru, Viorel"]
[Black "Kuhne, Detlev"]
[Result "1/2-1/2"]
[WhiteElo "2474"]
[BlackElo "2431"]
[PlyCount "130"]
[EventDate "2015.11.08"]
[EventType "tourn (corr)"]
[EventRounds "10"]
[EventCountry "GER"]
[SourceTitle "Corr 2022"]
[Source "ChessBase"]
[SourceDate "2021.10.24"]
[SourceVersion "1"]
[SourceVersionDate "2021.10.24"]
[SourceQuality "1"]

1. d4 Nf6 2. c4 e6 3. Nc3 Bb4 4. Qc2 0-0 5. Nf3 c5 6. dxc5 Na6 7. g3 Nxc5 8. Bg2 b6 9. 0-0 Bb7 10. Nb5 Be4 11. Qd1 Nb7 12. a3 Be7 13. Bf4 Rc8 14. Rc1 a6 15. Nc3 Bc6 16. b4 a5 17. b5 Bxf3 18. Bxf3 Nc5 19. Rc2 Ne8 20. h4 f5 21. Rd2 Nf6 22. e3 Rf7 23. Qc2 Qf8 24. Rfd1 Qd8 25. Be5 Bf8 26. Kg2 Qe8 27. Rd4 Qd8 28. Na4 Ng4 29. Bd6 Bxd6 30. Rxd6 Nxa4 31. Qxa4 Qc7 32. Qc2 Nf6 33. c5 Qxc5 34. Qxc5 bxc5 35. a4 Kf8 36. Rb1 Re7 37. Kf1 c4 38. Ke1 c3 39. Ra6 d5 40. Rxa5 Rb7 41. Rc1 e5 42. Ra6 Ke7 43. h5 Rd7 44. Rc6 Rxc6 45. bxc6 Rc7 46. Rxc3 Kd6 47. a5 Rxc6 48. Ra3 Kc7 49. Be2 Kb7 50. Bd3 Nxh5 51. Bxf5 Nf6 52. f4 e4 53. Kd2 Rc5 54. g4 h5 55. gxh5 Nxh5 56. Bg4 Ng3 57. a6+ Ka7 58. Ra1 g6 59. Rg1 Nf5 60. Bxf5 gxf5 61. Ra1 Rc4 62. Ra5 d4 63. exd4 Rxd4+ 64. Ke2 Rb4 65. Rxf5 Kxa6 1/2-1/2

[Event "WC-2015-T-00001"]
[Site "LSS email"]
[Date "2015.11.01"]
[Round "?"]
[White "Calugaru, Viorel"]
[Black "Ulasevich, Sergey"]
[Result "1/2-1/2"]
[WhiteElo "2474"]
[BlackElo "2511"]
[PlyCount "50"]
[EventDate "2015.11.08"]
[EventType "tourn (corr)"]
[EventRounds "10"]
[EventCountry "GER"]
[SourceTitle "Corr 2022"]
[Source "ChessBase"]
[SourceDate "2021.10.24"]
[SourceVersion "1"]
[SourceVersionDate "2021.10.24"]
[SourceQuality "1"]

1. d4 Nf6 2. c4 g6 3. Nc3 Bg7 4. e4 d6 5. Nf3 0-0 6. Be2 e5 7. Be3 exd4 8. Nxd4 Re8 9. f3 c6 10. Qd2 d5 11. exd5 cxd5 12. 0-0 Nc6 13. Rad1 Nxd4 14. Bxd4 dxc4 15. Bxc4 Be6 16. Bb5 Rf8 17. Qf2 Qa5 18. Rd2 Rfd8 19. Rfd1 Rac8 20. Be2 Rd7 21. h3 Ne8 22. f4 Rcd8 23. Bb5 Bxd4 24. Rxd4 Rxd4 25. Rxd4 Nd6 1/2-1/2

[Event "WC-2014-S-00001"]
[Site "LSS email"]
[Date "2014.01.13"]
[Round "?"]
[White "Baklanov, Valentin"]
[Black "Calugaru, Viorel"]
[Result "0-1"]
[WhiteElo "2383"]
[BlackElo "2449"]
[PlyCount "46"]
[EventDate "2018.02.10"]
[EventType "tourn (corr)"]
[EventRounds "12"]
[EventCountry "GER"]
[SourceTitle "Corr 2022"]
[Source "ChessBase"]
[SourceDate "2021.10.24"]
[SourceVersion "1"]
[SourceVersionDate "2021.10.24"]
[SourceQuality "1"]

1. d4 Nf6 2. c4 e6 3. g3 c5 4. d5 exd5 5. cxd5 d6 6. Nc3 a6 7. a4 g6 8. Bg2 Bg7 9. Nf3 0-0 10. 0-0 Re8 11. Bf4 Nh5 12. Bg5 Qc7 13. Qd2 Nd7 14. Bh6 Nhf6 15. Bxg7 Kxg7 16. b3 b6 17. Rfe1 Rb8 18. e4 b5 19. axb5 axb5 20. Qb2 b4 21. Nb1 Bb7 22. Nbd2 Kg8 23. Bf1 Re7 0-1

[Event "WC-2014-S-00001"]
[Site "LSS email"]
[Date "2014.01.13"]
[Round "?"]
[White "Van Seben, Edgar"]
[Black "Calugaru, Viorel"]
[Result "1/2-1/2"]
[WhiteElo "2505"]
[BlackElo "2449"]
[PlyCount "87"]
[EventDate "2018.02.10"]
[EventType "tourn (corr)"]
[EventRounds "12"]
[EventCountry "GER"]
[SourceTitle "Corr 2022"]
[Source "ChessBase"]
[SourceDate "2021.10.24"]
[SourceVersion "1"]
[SourceVersionDate "2021.10.24"]
[SourceQuality "1"]

1. d4 Nf6 2. c4 e6 3. Nf3 b6 4. g3 Bb7 5. Bg2 Bb4+ 6. Bd2 Bxd2+ 7. Qxd2 0-0 8. 0-0 d6 9. Nc3 Nbd7 10. Qc2 c5 11. Rad1 Qe7 12. e4 cxd4 13. Nxd4 Ne5 14. b3 a6 15. f4 Nc6 16. Qd3 Rad8 17. Rd2 Qc7 18. Rfd1 Rd7 19. h3 Re8 20. Nc2 Ne7 21. Qe3 h6 22. Kh2 Rb8 23. a3 Ng6 24. Nd4 Re8 25. Bf3 Ne7 26. Nc2 Rb8 27. Nb4 Rbd8 28. Na4 Nc8 29. Bg2 h5 30. Bf3 b5 31. cxb5 axb5 32. Nc3 Qb8 33. Nc2 Ba8 34. g4 hxg4 35. hxg4 Ne7 36. g5 Nh7 37. Bg4 Nf8 38. Nd4 b4 39. axb4 Qxb4 40. f5 exf5 41. exf5 Nc6 42. f6 Rc7 43. fxg7 Nxd4 44. gxf8Q+ 1/2-1/2

[Event "WC-2015-Q-00018"]
[Site "LSS email"]
[Date "2012.09.11"]
[Round "?"]
[White "Calugaru, Viorel"]
[Black "Klimakovs, Sergejs"]
[Result "1/2-1/2"]
[WhiteElo "2377"]
[BlackElo "2188"]
[PlyCount "46"]
[EventDate "2012.09.17"]
[EventType "tourn (corr)"]
[EventRounds "10"]
[EventCountry "GER"]
[SourceTitle "Telechess CBM 167"]
[Source "ChessBase"]
[SourceDate "2015.07.13"]
[SourceVersion "1"]
[SourceVersionDate "2015.07.13"]
[SourceQuality "1"]

1. e4 c5 2. Nf3 d6 3. d4 cxd4 4. Nxd4 Nf6 5. Nc3 a6 6. Bg5 e6 7. f4 Qb6 8. Qd2 Qxb2 9. Rb1 Qa3 10. e5 h6 11. Bh4 dxe5 12. fxe5 Nd5 13. Nxd5 exd5 14. e6 Bxe6 15. Nxe6 fxe6 16. Bd3 Be7 17. Bg6+ Kd8 18. Bxe7+ Qxe7 19. 0-0 Nd7 20. Rf7 Qc5+ 21. Kh1 Rf8 22. Rxg7 Rf6 23. Rg8+ Rf8 1/2-1/2

[Event "ST-2012-0-00095"]
[Site "LSS email"]
[Date "2012.04.23"]
[Round "?"]
[White "Pilarska, Lucyna"]
[Black "Calugaru, Viorel"]
[Result "1/2-1/2"]
[WhiteElo "1963"]
[BlackElo "2380"]
[PlyCount "73"]
[EventDate "2012.03.10"]
[EventType "tourn (corr)"]
[EventRounds "6"]
[EventCountry "GER"]
[SourceTitle "Telechess CBM 161"]
[Source "ChessBase"]
[SourceDate "2014.07.16"]
[SourceVersion "1"]
[SourceVersionDate "2014.07.16"]
[SourceQuality "1"]

1. e4 c5 2. Nf3 d6 3. d4 cxd4 4. Nxd4 Nf6 5. Nc3 a6 6. Bg5 e6 7. f4 Qb6 8. Qd2 Qxb2 9. Rb1 Qa3 10. e5 dxe5 11. fxe5 h6 12. Bh4 Nfd7 13. Ne4 Qxa2 14. Rd1 Qd5 15. Qe3 Qxe5 16. Be2 Bc5 17. Bg3 Bxd4 18. Rxd4 Qa5+ 19. Rd2 0-0 20. Bd6 f5 21. Bxf8 Nxf8 22. Nd6 Nbd7 23. g4 fxg4 24. 0-0 Qc5 25. Rd4 b6 26. Rf2 Ne5 27. Ne4 Qc7 28. Qg3 Bb7 29. Bxg4 Kh7 30. h4 Bd5 31. Nc3 Bc6 32. Ne4 Bd5 33. c4 Bb7 34. Bd1 Bxe4 35. Rxe4 Nfd7 36. Rfe2 Rf8 37. Rxe5 1/2-1/2

[Event "WC-2011-F-00002"]
[Site "LSS email"]
[Date "2011.11.23"]
[Round "?"]
[White "Bernal Varela, Nelson"]
[Black "Calugaru, Viorel"]
[Result "1/2-1/2"]
[WhiteElo "2105"]
[BlackElo "2380"]
[PlyCount "82"]
[EventDate "2011.12.01"]
[EventType "tourn (corr)"]
[EventRounds "14"]
[EventCountry "GER"]
[SourceTitle "Telechess CBM 163"]
[Source "ChessBase"]
[SourceDate "2014.11.11"]
[SourceVersion "2"]
[SourceVersionDate "2014.11.11"]
[SourceQuality "1"]

1. e4 e5 2. Nf3 Nc6 3. Bb5 a6 4. Ba4 Nf6 5. 0-0 Be7 6. Re1 b5 7. Bb3 d6 8. d3 Na5 9. Nbd2 0-0 10. Nf1 Nxb3 11. axb3 c5 12. Qe2 a5 13. Ne3 Be6 14. Bd2 h6 15. Nh4 g6 16. Nf3 Kg7 17. Rec1 Qb6 18. Qe1 Bd8 19. b4 cxb4 20. Bxb4 Bc7 21. Bd2 Rfc8 22. c4 bxc4 23. Nxc4 Qb7 24. Qe3 Ng4 25. Qe2 Bxc4 26. Rxc4 Bb6 27. Rxc8 Rxc8 28. Be1 Nf6 29. Bc3 Bc5 30. Rxa5 Bb4 31. Bxb4 Qxb4 32. Ra1 Qb3 33. Rb1 Qa2 34. Qd1 Rb8 35. Qc2 Rc8 36. Qd1 Rb8 37. b4 Rc8 38. Rc1 Qa4 39. Rb1 Qa2 40. Rc1 Qa4 41. Rb1 Qa2 1/2-1/2

[Event "WC-2011-F-00002"]
[Site "LSS email"]
[Date "2011.11.23"]
[Round "?"]
[White "Calugaru, Viorel"]
[Black "Brunsteins, Daniel Bernardo"]
[Result "1/2-1/2"]
[WhiteElo "2380"]
[BlackElo "2375"]
[PlyCount "62"]
[EventDate "2011.12.01"]
[EventType "tourn (corr)"]
[EventRounds "14"]
[EventCountry "GER"]
[SourceTitle "Telechess CBM 163"]
[Source "ChessBase"]
[SourceDate "2014.11.11"]
[SourceVersion "2"]
[SourceVersionDate "2014.11.11"]
[SourceQuality "1"]

1. d4 d5 2. c4 c6 3. Nc3 Nf6 4. Nf3 a6 5. cxd5 cxd5 6. Ne5 e6 7. Bf4 Nc6 8. Nxc6 bxc6 9. e3 Bd6 10. Rc1 Bxf4 11. exf4 0-0 12. Bd3 Qd6 13. Qd2 c5 14. dxc5 Qxc5 15. Rc2 Qd6 16. 0-0 Bd7 17. Rfc1 Rfb8 18. g3 a5 19. Qe2 Qb4 20. Qe5 Rb6 21. Nb1 h6 22. Nd2 Rc6 23. Nf3 Rxc2 24. Rxc2 Rc8 25. Rxc8+ Bxc8 26. Qd4 Nd7 27. Qxb4 axb4 28. Nd4 Nc5 29. Bf1 Kf8 30. b3 Ba6 31. f5 Bxf1 1/2-1/2

[Event "WC-2011-F-00002"]
[Site "LSS email"]
[Date "2011.11.23"]
[Round "?"]
[White "Calugaru, Viorel"]
[Black "Ermolaev, Andrey Stanislavovi"]
[Result "1/2-1/2"]
[WhiteElo "2380"]
[BlackElo "2282"]
[PlyCount "90"]
[EventDate "2011.12.01"]
[EventType "tourn (corr)"]
[EventRounds "14"]
[EventCountry "GER"]
[SourceTitle "Telechess CBM 163"]
[Source "ChessBase"]
[SourceDate "2014.11.11"]
[SourceVersion "2"]
[SourceVersionDate "2014.11.11"]
[SourceQuality "1"]

1. e4 c5 2. Nf3 d6 3. d4 cxd4 4. Nxd4 Nf6 5. Nc3 a6 6. Bg5 e6 7. f4 Nbd7 8. Qe2 Qc7 9. 0-0-0 b5 10. a3 Rb8 11. g4 Be7 12. Bg2 h6 13. Bh4 b4 14. axb4 Rxb4 15. Be1 Qb6 16. Bf2 Qc7 17. h4 h5 18. g5 Ng4 19. Be1 Qc5 20. Qd2 Rb8 21. Na4 Qc7 22. Bf3 Bb7 23. g6 fxg6 24. Qe2 Nf8 25. Nc3 Bc8 26. b3 Qc5 27. e5 d5 28. Rg1 a5 29. Bxg4 hxg4 30. Rxg4 Kf7 31. Qd3 Kg8 32. Kd2 Ba6 33. Qxa6 Qxd4+ 34. Qd3 Qb4 35. Ke2 Qb6 36. Ra1 Qd8 37. Qg3 Rh6 38. Kd1 Nd7 39. Rxg6 Bxh4 40. Rxg7+ Kh8 41. Qg4 Bxe1 42. Kxe1 Qc7 43. Qg3 Rc8 44. Ke2 Qxc3 45. Rg8+ Rxg8 1/2-1/2

[Event "WC-2011-F-00002"]
[Site "LSS email"]
[Date "2011.11.23"]
[Round "?"]
[White "Calugaru, Viorel"]
[Black "Rosso, Pier Andrea"]
[Result "1-0"]
[WhiteElo "2380"]
[BlackElo "2323"]
[PlyCount "115"]
[EventDate "2011.12.01"]
[EventType "tourn (corr)"]
[EventRounds "14"]
[EventCountry "GER"]
[SourceTitle "Telechess CBM 163"]
[Source "ChessBase"]
[SourceDate "2014.11.11"]
[SourceVersion "2"]
[SourceVersionDate "2014.11.11"]
[SourceQuality "1"]

1. d4 Nf6 2. c4 e5 3. dxe5 Ng4 4. Bf4 Nc6 5. Nf3 Bb4+ 6. Nc3 Bxc3+ 7. bxc3 Qe7 8. Qd5 f6 9. exf6 Nxf6 10. Qd3 d6 11. g3 0-0 12. Bg2 Re8 13. 0-0 Qxe2 14. Qxe2 Rxe2 15. Nd4 Nxd4 16. cxd4 h6 17. Rfc1 g5 18. Be3 c6 19. d5 c5 20. Bf1 Rb2 21. Rcb1 Rb6 22. f4 Ne4 23. fxg5 Nxg5 24. Bf4 Bf5 25. Rxb6 axb6 26. Bxd6 Nf3+ 27. Kh1 Nd2 28. Be2 Re8 29. Bh5 Re4 30. Bf4 Nxc4 31. Bf3 Rd4 32. Re1 h5 33. Re8+ Kg7 34. h4 b5 35. Re7+ Kf6 36. Rxb7 b4 37. Bxh5 Rxd5 38. Bg5+ Ke5 39. Re7+ Kd6 40. Re1 Be6 41. Bf3 Rd3 42. Be4 Rd4 43. Bf4+ Kd7 44. Bc6+ Kxc6 45. Rxe6+ Kd7 46. Re2 Rd5 47. Kg2 Nb6 48. g4 Rd4 49. Rd2 Rxd2+ 50. Bxd2 Ke6 51. Kf3 Nd5 52. h5 c4 53. Bc1 Kf6 54. Bb2+ Kg5 55. Ke4 Ne7 56. Bd4 Nc8 57. Bc5 b3 58. axb3 1-0

[Event "WC-2011-F-00002"]
[Site "LSS email"]
[Date "2011.11.23"]
[Round "?"]
[White "Domanov, Dmitry"]
[Black "Calugaru, Viorel"]
[Result "1/2-1/2"]
[WhiteElo "2440"]
[BlackElo "2380"]
[PlyCount "81"]
[EventDate "2011.12.01"]
[EventType "tourn (corr)"]
[EventRounds "14"]
[EventCountry "GER"]
[SourceTitle "Telechess CBM 163"]
[Source "ChessBase"]
[SourceDate "2014.11.11"]
[SourceVersion "2"]
[SourceVersionDate "2014.11.11"]
[SourceQuality "1"]

1. e4 c5 2. Nf3 d6 3. d4 cxd4 4. Nxd4 Nf6 5. Nc3 a6 6. h3 e5 7. Nde2 Be7 8. g4 Nc6 9. Be3 h5 10. gxh5 Be6 11. h6 gxh6 12. Bg2 Rg8 13. Rg1 Qa5 14. a3 Bf8 15. Qd2 b5 16. Bh1 Rxg1+ 17. Nxg1 Rc8 18. Nge2 Bxh3 19. Bxh6 Be7 20. Nd5 Nxd5 21. exd5 Qxd2+ 22. Kxd2 Nb8 23. Ng3 f5 24. Bf3 Rc4 25. Rg1 Bg4 26. b3 Rd4+ 27. Ke2 Nd7 28. Bxg4 Rxg4 29. Rh1 f4 30. Nf5 Nb6 31. c4 bxc4 32. bxc4 e4 33. Rc1 Kd7 34. f3 Rg2+ 35. Kf1 exf3 36. Bxf4 Bd8 37. Rc3 Rg4 38. Rxf3 Nxc4 39. Ke2 Bg5 40. Bg3 Nd2 41. Rd3 1/2-1/2

[Event "LSS WC-2010-F-00002"]
[Site "LSS email"]
[Date "2010.11.17"]
[Round "?"]
[White "Calugaru, Viorel"]
[Black "Ingersol, Harry"]
[Result "1/2-1/2"]
[WhiteElo "2368"]
[BlackElo "2391"]
[PlyCount "110"]
[EventDate "2010.11.23"]
[EventType "tourn (corr)"]
[EventRounds "10"]
[EventCountry "GER"]
[SourceTitle "Telechess CBM 155"]
[Source "ChessBase"]
[SourceDate "2013.07.16"]
[SourceVersion "1"]
[SourceVersionDate "2013.07.16"]
[SourceQuality "1"]

1. d4 d5 2. c4 c6 3. cxd5 cxd5 4. Nf3 Nf6 5. Nc3 Nc6 6. Bf4 Nh5 7. Bd2 e6 8. e3 Bd6 9. Ne5 g6 10. Nd3 f5 11. Be2 Nf6 12. 0-0 0-0 13. Rc1 Bd7 14. Be1 a6 15. a3 b6 16. h3 Ne4 17. f3 Ng3 18. Bxg3 Bxg3 19. f4 Rf7 20. Ne5 Nxe5 21. dxe5 Bh4 22. Bf3 Kg7 23. Ne2 Rc8 24. Nd4 b5 25. Qd2 Rf8 26. Rxc8 Qxc8 27. g4 Qe8 28. Rc1 Bd8 29. Kg2 fxg4 30. hxg4 Bb6 31. g5 Qf7 32. Bg4 Ra8 33. Qb4 Kh8 34. Kg3 a5 35. Qd6 Bxd4 36. exd4 Rf8 37. Rf1 Rc8 38. Rf3 Kg8 39. Qb6 a4 40. Qa5 Qe8 41. Qd2 Rb8 42. Rc3 b4 43. Rc7 bxa3 44. bxa3 Rb3+ 45. Bf3 Qd8 46. Qc1 Kf8 47. Kf2 Rb2+ 48. Ke1 Rb1 49. Qxb1 Qxc7 50. Qb4+ Kf7 51. Kd2 Bc6 52. Bd1 Qa7 53. Be2 Be8 54. Bg4 Bd7 55. Kd1 Be8 1/2-1/2

[Event "LSS WC-2014-P-00003"]
[Site "LSS email"]
[Date "2010.02.18"]
[Round "?"]
[White "Calugaru, Viorel"]
[Black "Andreassen, Einar"]
[Result "1-0"]
[WhiteElo "2350"]
[BlackElo "2139"]
[PlyCount "47"]
[EventDate "2010.02.24"]
[EventType "tourn (corr)"]
[EventRounds "6"]
[EventCountry "GER"]
[SourceTitle "Corr 2013"]
[Source "ChessBase"]
[SourceDate "2012.11.12"]
[SourceVersion "1"]
[SourceVersionDate "2012.11.12"]
[SourceQuality "1"]
[WhiteTeam "US of America"]
[BlackTeam "US of America"]
[WhiteTeamCountry "USA"]
[BlackTeamCountry "USA"]

1. e4 e5 2. Nf3 Nc6 3. Bb5 a6 4. Ba4 Nf6 5. 0-0 Nxe4 6. d4 b5 7. Bb3 d5 8. dxe5 Be6 9. Nbd2 Nc5 10. c3 g6 11. Bc2 Bg7 12. Nd4 Nxe5 13. f4 Nc4 14. Nxc4 dxc4 15. f5 Bd5 16. Re1+ Kf8 17. Bf4 Bb7 18. Qd2 gxf5 19. Qf2 Bxd4 20. cxd4 Ne6 21. Bh6+ Ke8 22. Qxf5 Qd5 23. Qg4 Kd7 24. Re5 1-0